| 000 | 00787nam a22002177a 4500 | ||
|---|---|---|---|
| 999 |
_c61771 _d61771 |
||
| 005 | 20240501112911.0 | ||
| 008 | 240501s2005 enk||||| |||| 00| 0 eng d | ||
| 020 | _a9780071416405x | ||
| 041 | _aeng | ||
| 080 | _a61 P-92 | ||
| 245 |
_aPrinciples of Critical Care / _cEdited by Jesse B. Hall, Gregory A. Schmidt, L.D.H.Wood. |
||
| 250 | _aThird Edition | ||
| 264 |
_aNew York: _bMcGraw Hill, _c2005. |
||
| 300 |
_a1778 p.: _bill.; _c29 cm. |
||
| 653 | _aინტენსიური თერაპია | ||
| 653 | _aმედიცინა | ||
| 700 |
_aHall, Jesse B. _eრედაქტორი _922007 |
||
| 700 |
_aSchmidt,Gregory A. _eრედაქტორი _922008 |
||
| 700 |
_aWood, L.D.H. _eრედაქტორი _922009 |
||
| 942 |
_2udc _cᲬᲘᲒᲜᲘ |
||